000 00590nam a22001697a 4500
999 _c60959
_d60959
005 20231130095346.0
008 231130s2003 ru ||||| |||| 00| 0 rus d
041 _arus
080 _a94(33) Ф-69
100 _aФлавий, Иосиф
_920206
245 _aИудейские древности :
_bТом 1 /
_cИосиф Флавий.
264 _a М. :
_bЛадомир,
_c2003.
300 _a784 с.
_b21 см.
653 _aებრაელი ხალხის სიძველის შესახებ
653 _aისტორია
942 _2udc
_cᲬᲘᲒᲜᲘ